Études historiques et critiques sur la philosophie de Pascal /

Guardat en:
Dades bibliogràfiques
Autor principal: Baudin, E. (Emile), 1875-1949
Format: Llibre
Idioma:French
Publicat: Neuchatel : La Baconnière, 1946-47.
Col·lecció:Être et penser ; 16-19
Matèries:
LEADER 01691cam a2200373 a 4500
001 c000381754
003 CARM
005 20110919124531.0
008 110919m19461947fr b 000 0 fre d
019 1 |a 8520210  |5 LACONCORD2021 
035 |a (OCoLC)242157  |5 LACONCORD2021 
040 |a NZOC  |b eng  |c NZOC 
082 0 4 |a 848.4 
100 1 |a Baudin, E.  |q (Emile),  |d 1875-1949. 
245 1 0 |a Études historiques et critiques sur la philosophie de Pascal /  |c E. Baudin. 
260 |a Neuchatel :  |b La Baconnière,  |c 1946-47. 
300 |a 4v. ;  |c 20 cm. 
490 0 |a Être et penser ;  |v 16-19 
505 0 |a v. 1. Sa philosophie critique. Pascal et Descartes --v. 2-3. Sa philosophie morale. Pascal, les libertins et les jansénistes -- v. 4. Sa critique de la casuistique et un probabilisme moral. 
600 1 0 |a Pascal, Blaise,  |d 1623-1662. 
852 8 |b CARM  |p 0576993  |j v.1  |f BK 
852 8 |b CARM  |p 0576994  |j v.2  |f BK 
852 8 |b CARM  |p 0576995  |j v.3  |f BK 
852 8 |b CARM  |p 0576996  |j v.4  |f BK 
852 8 |b SCAN  |h A3:AF10B0  |i B11862  |p 0576993  |f BK 
852 8 |b SCAN  |h A3:AF10B0  |i B11862  |p 0576994  |f BK 
852 8 |b SCAN  |h A3:AF10B0  |i B11862  |p 0576995  |f BK 
852 8 |b SCAN  |h A3:AF10B0  |i B11862  |p 0576996  |f BK 
999 f f |i bad28039-daeb-5468-9670-351ee7d23821  |s ea44999a-d049-5895-b6d4-d6097ebed04e 
952 f f |p Can circulate  |a CAVAL  |b CAVAL  |c CAVAL  |d CARM 1 Store  |i book  |j v.2  |m 0576994 
952 f f |p Can circulate  |a CAVAL  |b CAVAL  |c CAVAL  |d CARM 1 Store  |i book  |j v.4  |m 0576996 
952 f f |p Can circulate  |a CAVAL  |b CAVAL  |c CAVAL  |d CARM 1 Store  |i book  |j v.1  |m 0576993 
952 f f |p Can circulate  |a CAVAL  |b CAVAL  |c CAVAL  |d CARM 1 Store  |i book  |j v.3  |m 0576995 
952 f f |a CAVAL  |b CAVAL  |c CAVAL  |d Unmapped Location  |e B11862  |f A3:AF10B0  |h Other scheme